Vista normal Vista MARC

Entrada Materia (personas)

Número de registros utilizados en: 1

001 - CONTROL NUMBER

  • control field: 32026

003 - CONTROL NUMBER IDENTIFIER

  • control field: Co-BoUCM

005 - DATE AND TIME OF LATEST TRANSACTION

  • control field: 20130308153236.0

008 - FIXED-LENGTH DATA ELEMENTS

  • fixed length control field: 130308|| aca||aabn | a|a d

040 ## - CATALOGING SOURCE

  • Original cataloging agency: Co-BoUCM
  • Transcribing agency: Co-BoUCM

100 ## - HEADING--PERSONAL NAME

  • Personal name: Cartagena, Juan de,
  • Dates associated with a name: 1563-1618

670 ## - SOURCE DATA FOUND

  • Source citation: Work cat.: (Co-BoUCM): Cartagena, Juan de, 1563-1618, R. P. F Ioannis de Carthagena hispani ex Ordine Minorum ..., 1622